|
|
|
|
| LEADER |
00000cam a2200000 c 4500 |
| 001 |
1103068385 |
| 003 |
DE-627 |
| 005 |
20260123212619.0 |
| 007 |
tu |
| 008 |
930429s1555 xx ||||| 00| ||ger c |
| 024 |
7 |
|
|a VD16 M 3679
|2 vd16
|
| 035 |
|
|
|a (DE-627)1103068385
|
| 035 |
|
|
|a (DE-576)033068380
|
| 035 |
|
|
|a (DE-599)BSZ033068380
|
| 035 |
|
|
|a (OCoLC)150437092
|
| 040 |
|
|
|a DE-627
|b ger
|c DE-627
|e rakwb
|
| 041 |
|
|
|a ger
|
| 084 |
|
|
|a 1
|2 ssgn
|
| 084 |
|
|
|a BP 2260
|2 rvk
|0 (DE-625)rvk/14954:
|
| 084 |
|
|
|a BW 15024
|2 rvk
|0 (DE-625)rvk/17124:11755
|
| 100 |
1 |
|
|0 (DE-588)118580485
|0 (DE-627)133817814
|0 (DE-576)16458496X
|4 aut
|a Melanchthon, Philipp
|d 1497-1560
|
| 109 |
|
|
|a Melanchton, Philippus 1497-1560
|a Melanchthonus, Philippus 1497-1560
|a Melanchnecnon, Philippi 1497-1560
|a Melanton, Philippus 1497-1560
|a Melanthus, Philippus 1497-1560
|a Melanthone, Philippo 1497-1560
|a P.M. 1497-1560
|a Melanchthon, Philippus 1497-1560
|a Melanchto., Philipp 1497-1560
|a Melanth., Philippus 1497-1560
|a Melantone, Filippo 1497-1560
|a Schwarzert, Philipp 1497-1560
|a Melant., Philippus 1497-1560
|a M., Philippus 1497-1560
|a Melancht., Philippus 1497-1560
|a Melancton, Philip 1497-1560
|a Melankhton, Filipp 1497-1560
|a Melan., Philippus 1497-1560
|a Mel., Philippus 1497-1560
|a Melanchthon, Philip 1497-1560
|a Mel., Philip. 1497-1560
|a Melancton, Philipp 1497-1560
|a Melantho, Philippus 1497-1560
|a Mel., Phil. 1497-1560
|a Melanchthon 1497-1560
|a Melan, Philippus 1497-1560
|a Melancthon, Philipp 1497-1560
|a Melanc., Philippus 1497-1560
|a Didymus Faventinus 1497-1560
|a Melanchthon, Philippe 1497-1560
|a Schwarzerd, Philipp 1497-1560
|a Melanchthonius, Philippus 1497-1560
|a Melanton, Philipp 1497-1560
|a Melanthon, Philippe 1497-1560
|a Melantonis, Philipp 1497-1560
|a Theophilus Neocomensis 1497-1560
|a Schwarzerdt, Philipp 1497-1560
|a Schwartzerd, Philipp 1497-1560
|a Melanth, Philippus 1497-1560
|a Didymus 1497-1560
|a Melanchton, Philipp 1497-1560
|a Melanchthon, Philipp 1497-1560
|a Melanthone, Philip. 1497-1560
|a Melanthonus, Philippus 1497-1560
|a Melanchton, Philip 1497-1560
|a Melancthonus, Philippus 1497-1560
|a Melanthon, Philipp 1497-1560
|a Melanthon 1497-1560
|a Melanch., Philippus 1497-1560
|a Malanth., Philippus 1497-1560
|a Mela., Philippus 1497-1560
|a Melanchton, Phil. 1497-1560
|a Melanchus, Philippus 1497-1560
|a Melanthon, Philippus 1497-1560
|a Melanchton, Phillip 1497-1560
|a Melancthon, Philippe 1497-1560
|a Melanthone, Philipp 1497-1560
|a Melancthon, Philippus 1497-1560
|a Melantho, Philip 1497-1560
|a Melanthon, Philip 1497-1560
|a Germanus 1497-1560
|a Faventinus, Didymus 1497-1560
|a Philippus 1497-1560
|a Brettanus, Philippus 1497-1560
|a Philippus Bretanus 1497-1560
|a Pullisolus, Philippus 1497-1560
|a Malanthon, Philipp 1497-1560
|a Melanchthon, Filipp 1497-1560
|a Melancthon, Philip 1497-1560
|a Melancthon 1497-1560
|
| 240 |
1 |
0 |
|a Loci theologici <dt.>
|
| 245 |
1 |
0 |
|a Heubtartikel Christlicher Lere
|b im Latin genandt Loci Theologici
|c Etwa von Justo Jona in Deutsche sprach gebracht, jetzund aber im M.D.LV. jar, von Philip. Melanth. widerumb durchsehen
|
| 246 |
3 |
0 |
|a Hauptartikel Lehre
|
| 264 |
|
1 |
|a Wittemberg
|b Creutzer
|c 1555
|
| 300 |
|
|
|a [9], LXXXV, CCLXXV, [9] Bl.
|c 4o
|
| 336 |
|
|
|a Text
|b txt
|2 rdacontent
|
| 337 |
|
|
|a ohne Hilfsmittel zu benutzen
|b n
|2 rdamedia
|
| 338 |
|
|
|a Band
|b nc
|2 rdacarrier
|
| 500 |
|
|
|a Vorlageform d. Erscheinungsvermerks: Wittemberg. 1555. - Kolophon: Gedruckt ... Durch Veit Creutzer. - Bibliogr. Nachweis: VD16 M 3679
|
| 583 |
1 |
|
|a Archivierung/Langzeitarchivierung gewährleistet
|f SSG
|x XA-DE-BW
|2 pdager
|5 DE-21
|
| 601 |
|
|
|a Loci theologici
|
| 700 |
1 |
|
|e Übers.
|0 (DE-588)118712926
|0 (DE-627)133896811
|0 (DE-576)20932709X
|4 oth
|a Jonas, Justus
|d 1493-1555
|
| 700 |
1 |
2 |
|a Melanchthon, Philipp
|d 1497-1560
|t Loci theologici <dt.>
|
| 751 |
|
|
|a Wittenberg
|0 (DE-588)4066640-2
|0 (DE-627)102224315
|0 (DE-576)209165545
|4 pup
|
| 776 |
0 |
8 |
|i Erscheint auch als
|n Online-Ausgabe
|a Melanchthon, Philipp, 1497 - 1560
|t Heubtartikel Christlicher Lere
|d Wittemberg : Creutzer, 1555
|h 9 ungezählte Blätter, LXXXV, CCLXXV Blätter, 9 ungezählte Blätter
|w (DE-627)1684109396
|k Electronic
|
| 935 |
|
|
|a mteo
|
| 936 |
r |
v |
|a BP 2260
|b Melanchthon, Philipp
|k Theologie und Religionswissenschaften
|k Evangelische Kirchengeschichte
|k Evangelische Kirchengeschichte Deutschlands
|k Reformation, katholische Reform und Gegenreformation
|k Reformation
|k Melanchthon, Philipp
|0 (DE-627)1272616177
|0 (DE-625)rvk/14954:
|0 (DE-576)202616177
|
| 936 |
r |
v |
|a BW 15024
|b Einzelschriften
|k Theologie und Religionswissenschaften
|k Evangelische Theologie
|k Evangelische Theologiegeschichte
|k Zeitalter der Reformation
|k Autoren
|k Autoren M
|k Melanchthon, Philipp
|k Einzelschriften
|0 (DE-627)1271744147
|0 (DE-625)rvk/17124:11755
|0 (DE-576)201744147
|
| 951 |
|
|
|a BO
|
| ELC |
|
|
|b 1
|
| ITA |
|
|
|a 1
|t 1
|
| LOK |
|
|
|0 000 xxxxxcx a22 zn 4500
|
| LOK |
|
|
|0 001 220597601X
|
| LOK |
|
|
|0 003 DE-627
|
| LOK |
|
|
|0 004 1103068385
|
| LOK |
|
|
|0 005 20160630105400
|
| LOK |
|
|
|0 008 931007||||||||||||||||ger|||||||
|
| LOK |
|
|
|0 040
|a DE-21
|c DE-627
|d DE-21
|
| LOK |
|
|
|0 561
|a Mit handschriftlichen Eintragungen von Melanchthon
|
| LOK |
|
|
|0 852
|a DE-21
|
| LOK |
|
|
|0 852 1
|c Gf 298.4
|9 00
|
| LOK |
|
|
|0 935
|a abe3
|a theo
|
| LOK |
|
|
|0 936la
|p Mit handschriftlichen Eintragungen von Melanchthon
|
| LOK |
|
|
|0 939
|a 07-10-93
|b l01
|
| ORI |
|
|
|a SA-MARC-ixtheoa001.raw
|